Dramatización infantil: expresarse a través del teatro
محفوظ في:
| المؤلفون الرئيسيون: | , , |
|---|---|
| التنسيق: | كتاب |
| اللغة: | الإسبانية |
| منشور في: |
Madrid
Narcea
2000
|
| الطبعة: | 3a. ed |
| سلاسل: | Primeros Años
|
| الموضوعات: | |
| الوسوم: |
إضافة وسم
لا توجد وسوم, كن أول من يضع وسما على هذه التسجيلة!
|
MARC
| LEADER | 00000nam a2200000 a 4500 | ||
|---|---|---|---|
| 001 | UCI8518 | ||
| 003 | CL-VaPUC | ||
| 008 | 080911e20000000SP |||||||||||||||||spa|d | ||
| 020 | |a 8427710666 | ||
| 082 | 0 | 4 | |a 372.66 |b REN |2 21 |
| 100 | 0 | |a Renoult, Noëlle |e author |9 531976 | |
| 700 | 0 | |a Renoult, Bernard |e author |9 531977 | |
| 700 | 0 | |a Vialert, Corinne |e author |9 531978 | |
| 245 | 1 | 0 | |a Dramatización infantil: expresarse a través del teatro |
| 250 | |a 3a. ed | ||
| 300 | |a 125 p | ||
| 942 | |c BK | ||
| 945 | |d 20080911 00:00:00 |a rbrito | ||
| 260 | |a Madrid |b Narcea |c 2000 | ||
| 650 | 0 | |a Educación preescolar |9 260381 | |
| 650 | 7 | |a TEATRO INFANTIL |2 CL-VaPUC |9 531979 | |
| 650 | 7 | |a DRAMATIZACION |2 CL-VaPUC |9 340036 | |
| 650 | 0 | |a Métodos de enseñanza |9 270413 | |
| 583 | |a last modification |c 20170829 04:44:04 |k Rodrigo Vera | ||
| 490 | 0 | |a Primeros Años | |
| 999 | |c 331359 |d 331357 | ||
| 952 | |0 0 |1 0 |4 0 |6 372_660000000000000_REN_2000 |7 0 |8 A |9 417904 |a BIBEDU |b BIBEDU |d 2019-11-22 |i 4481232 |o 372.66 REN 2000 |p 4481232 |r 2019-11-22 |w 2019-11-22 |y BK |k PAR | ||